[Event "Villa Yayabo tt"]
[Site "Sancti Spiritus"]
[Date "2018.06.06"]
[Round "1.2"]
[White "Ulloa Gonzalez, Luis Manuel"]
[Black "Molina Garcia, Liester"]
[Result "1-0"]
[WhiteElo "2037"]
[BlackElo "2030"]
[PlyCount "109"]
[EventDate "2018.06.04"]
[EventType "team-tourn"]
[EventRounds "10"]
[EventCountry "CUB"]
[SourceTitle "EXT 2021"]
[Source "ChessBase"]
[SourceDate "2020.10.23"]
[SourceVersion "1"]
[SourceVersionDate "2020.10.23"]
[SourceQuality "1"]

1. e4 c5 2. Nf3 d6 3. g3 g6 4. Bg2 Bg7 5. 0-0 Nc6 6. c3 e5 7. a3 Nge7 8. d3 0-0 9. b4 a6 10. h3 h6 11. Bb2 Be6 12. Re1 Qd7 13. Kh2 f5 14. Nbd2 f4 15. g4 g5 16. Bf1 Qc7 17. Nb3 b6 18. d4 exd4 19. cxd4 cxb4 20. Rc1 d5 21. e5 bxa3 22. Bxa3 Qd7 23. Bd3 Rf7 24. Qe2 a5 25. Bb5 Qb7 26. Rc3 a4 27. Nbd2 Na5 28. Rec1 Nc4 29. Bxc4 dxc4 30. Nxc4 Bxc4 31. Rxc4 Bf8 32. e6 Rg7 33. Rc7 Qd5 34. Rd7 Qb3 35. Bxe7 Bxe7 36. Rcc7 Re8 37. d5 Bf6 38. Rf7 Qxd5 39. Rxg7+ Bxg7 40. e7 a3 41. Ra7 Bb2 42. Qc2 Kg7 43. Ne1 Qd6 44. Nd3 Bf6 45. Qb3 Rxe7 46. Rxa3 f3+ 47. Kg1 Bd4 48. Ra8 Bxf2+ 49. Kf1 Re6 50. Nxf2 Qe5 51. Qd1 Qe3 52. Ra7+ Kf6 53. Qd8+ Ke5 54. Nd3+ Ke4 55. Ra4+ 1-0

[Event "Camajuani Guerrilleritos-C"]
[Site "Camajuani"]
[Date "2018.04.19"]
[Round "7"]
[White "Ulloa Gonzalez, Luis Manuel"]
[Black "Cabrera Gonzalez, Maximo Ariel"]
[Result "1-0"]
[WhiteElo "2061"]
[BlackElo "2056"]
[PlyCount "55"]
[EventDate "2018.04.16"]
[EventType "tourn"]
[EventRounds "10"]
[EventCountry "CUB"]
[SourceTitle "EXT 2021"]
[Source "ChessBase"]
[SourceDate "2020.10.23"]
[SourceVersion "1"]
[SourceVersionDate "2020.10.23"]
[SourceQuality "1"]

1. e4 e5 2. Nf3 Nc6 3. d4 exd4 4. Nxd4 Nf6 5. Nxc6 bxc6 6. Qe2 Bb4+ 7. c3 Be7 8. f4 d5 9. e5 Ne4 10. Nd2 Nc5 11. Nf3 Ba6 12. Qc2 Bxf1 13. Rxf1 0-0 14. Be3 f6 15. exf6 Rxf6 16. 0-0-0 Bd6 17. Ng5 Rh6 18. g3 Ne6 19. Nf3 Bc5 20. Bd2 Nf8 21. f5 Rh3 22. Bg5 Be7 23. Be3 g5 24. Qa4 Qe8 25. Qd4 Rb8 26. Rde1 Qh5 27. f6 Bd6 28. Nxg5 1-0

[Event "Tomas Aguilera Angelino Memorial"]
[Site "Ciego de Avila"]
[Date "2018.04.10"]
[Round "9"]
[White "Ulloa Gonzalez, Luis Manuel"]
[Black "Borroto Fajardo, Alian Alberto"]
[Result "0-1"]
[WhiteElo "2061"]
[BlackElo "1844"]
[PlyCount "84"]
[EventDate "2018.04.05"]
[EventType "swiss"]
[EventRounds "9"]
[EventCountry "CUB"]
[SourceTitle "EXT 2021"]
[Source "ChessBase"]
[SourceDate "2020.10.23"]
[SourceVersion "1"]
[SourceVersionDate "2020.10.23"]
[SourceQuality "1"]

1. e4 e6 2. d3 d5 3. Qe2 Nc6 4. exd5 Qxd5 5. Nc3 Qd8 6. Nf3 Nf6 7. g3 Bc5 8. Bg2 0-0 9. 0-0 Nd4 10. Nxd4 Bxd4 11. Be3 e5 12. Rab1 c6 13. Ne4 Nxe4 14. dxe4 Be6 15. Bxd4 Qxd4 16. Rfd1 Qb6 17. b3 Rfd8 18. h4 Qc5 19. Rxd8+ Rxd8 20. Rd1 Rd4 21. Rxd4 Qxd4 22. Qd3 Qxd3 23. cxd3 Kf8 24. f3 Ke7 25. f4 f6 26. Kf2 Kd6 27. Ke3 Kc5 28. Bf1 Bg4 29. a3 a5 30. Be2 Bxe2 31. Kxe2 Kd4 32. Kd2 b5 33. b4 axb4 34. axb4 c5 35. fxe5 fxe5 36. bxc5 Kxc5 37. Ke3 b4 38. d4+ exd4+ 39. Kd3 b3 40. g4 Kd6 41. h5 h6 42. Kd2 Ke6 0-1

[Event "Tomas Aguilera Angelino Memorial"]
[Site "Ciego de Avila"]
[Date "2018.04.05"]
[Round "1"]
[White "Ulloa Gonzalez, Luis Manuel"]
[Black "Cabrales Santos, Guzman"]
[Result "1/2-1/2"]
[WhiteElo "2061"]
[BlackElo "1549"]
[PlyCount "128"]
[EventDate "2018.04.05"]
[EventType "swiss"]
[EventRounds "9"]
[EventCountry "CUB"]
[SourceTitle "EXT 2021"]
[Source "ChessBase"]
[SourceDate "2020.10.23"]
[SourceVersion "1"]
[SourceVersionDate "2020.10.23"]
[SourceQuality "1"]

1. e4 d5 2. exd5 Qxd5 3. Nc3 Qa5 4. Bc4 Bf5 5. Nf3 Nd7 6. d4 c6 7. Bd2 Qc7 8. 0-0 Ngf6 9. Re1 Nb6 10. Bb3 e6 11. Qe2 Bd6 12. a4 0-0 13. h3 h6 14. g4 Bg6 15. Ne5 Bxe5 16. dxe5 Nfd5 17. f4 Ne7 18. Ne4 Bxe4 19. Qxe4 Rad8 20. Re2 Nd7 21. f5 Nc5 22. Qf3 Nxb3 23. cxb3 Qb6+ 24. Kh1 Qd4 25. f6 Ng6 26. fxg7 Kxg7 27. Bc3 Qd5 28. Qxd5 Rxd5 29. Rf1 Rd3 30. Kh2 Rd5 31. Rf3 b6 32. Kg3 Rfd8 33. h4 Rd3 34. Ree3 Rxe3 35. Rxe3 Ne7 36. Kf3 Ng6 37. Be1 Rd5 38. h5 Nxe5+ 39. Kg3 Rd3 40. Rxd3 Nxd3 41. Bc3+ f6 42. b4 e5 43. Kf3 c5 44. b5 c4 45. a5 Nc5 46. axb6 axb6 47. Bd2 Nb3 48. Be3 Nd4+ 49. Ke4 Nxb5 50. Bxb6 c3 51. bxc3 Nxc3+ 52. Kf5 Nd5 53. Bc5 Kf7 54. Ke4 Nc3+ 55. Kd3 Nd5 56. Ke4 Nc3+ 57. Kd3 Nd5 58. Ke4 Nc7 59. Be3 Kg7 60. Kd3 Nd5 61. Bd2 Ne7 62. Ke4 Nc6 63. Bc3 Ne7 64. Bb4 Nc6 1/2-1/2

[Event "Santa Clara Salado Cup"]
[Site "Santa Clara"]
[Date "2018.04.01"]
[Round "6"]
[White "Ulloa Gonzalez, Luis Manuel"]
[Black "Perez Marimon, Jorge De Jesus"]
[Result "1/2-1/2"]
[WhiteElo "2061"]
[BlackElo "2126"]
[PlyCount "95"]
[EventDate "2018.03.29"]
[EventType "swiss"]
[EventRounds "7"]
[EventCountry "CUB"]
[SourceTitle "EXT 2021"]
[Source "ChessBase"]
[SourceDate "2020.10.23"]
[SourceVersion "1"]
[SourceVersionDate "2020.10.23"]
[SourceQuality "1"]

1. Nf3 Nf6 2. d4 g6 3. g3 Bg7 4. Bg2 0-0 5. 0-0 d6 6. c4 Nc6 7. Nc3 e5 8. dxe5 dxe5 9. Qxd8 Rxd8 10. Bg5 Be6 11. Nd2 h6 12. Bxf6 Rxd2 13. Bxg7 Kxg7 14. Bxc6 bxc6 15. b3 Rad8 16. Rfd1 f5 17. Kf1 Kf6 18. Ke1 R2d6 19. Na4 e4 20. Nc5 Bc8 21. e3 Ke5 22. b4 g5 23. Nb3 f4 24. Rxd6 cxd6 25. Nd4 Bd7 26. c5 dxc5 27. bxc5 Rb8 28. gxf4+ gxf4 29. exf4+ Kxf4 30. Nb3 Rg8 31. Rd1 Rg1+ 32. Kd2 Rxd1+ 33. Kxd1 e3 34. fxe3+ Kxe3 35. Kc2 Kf2 36. Kd3 Kg2 37. h4 Kh3 38. h5 Kh4 39. Ke4 Kxh5 40. Ke5 Kg4 41. Kd6 Be8 42. Nd4 h5 43. Nxc6 h4 44. Ne5+ Kf4 45. c6 Bxc6 46. Ng6+ Kg3 47. Nxh4 Be4 48. Ke5 1/2-1/2